Statistics for Countries by River

Click here to take the quiz!

General Stats

  • This quiz has been taken 46 times
    (21 since last reset)
  • The average score is 11 of 16

Answer Stats

River Country % Correct
MississippiUnited States
100%
AmazonBrazil
94%
YangtzeChina
94%
BrahmapuraIndia
94%
LenaRussia
78%
MackenzieCanada
72%
Blue NileEthiopia
67%
EuphratesTurkey
67%
YeniseiMongolia
61%
ParanaArgentina
61%
MurrayAustralia
61%
White NileTanzania
56%
IrtyshKazakhstan
50%
CongoZambia
50%
NigerSierra Leone
33%

Score Distribution

Percentile by Number Answered

Percent of People with Each Score

Your Score History

You have not taken this quiz since the last reset